| 000 | 00783nam a2200241 a 4500 | ||
|---|---|---|---|
| 001 | 000043573 | ||
| 005 | 20250429115422.0 | ||
| 008 | 140326s2014 dr 000 0 spa d | ||
| 020 | _a9781630681302 | ||
| 040 |
_aDO-SdBNP _bspa _cBNPHU |
||
| 082 |
_a158.1 _bP438p |
||
| 100 | 1 |
_aPérez Méndez, José _d1962- _971388 |
|
| 245 | 1 | 4 |
_aLos Pobres también triunfan / _cJosé Pérez Méndez. |
| 260 |
_aSanto Domingo : _bSantuario, _c2014. |
||
| 300 |
_a124 p. ; _c23 cm. |
||
| 500 | _aIncluye datos biográficos del autor en las solapas | ||
| 504 | _aBibliografía : p. 121-124 | ||
| 590 | _aInventariado, 2018/MFF | ||
| 650 | 7 |
_aSuperación personal _2Sears _910825 |
|
| 650 | 4 |
_aTécnicas de autoayuda _9387 |
|
| 650 | 0 |
_aÉxito _9394 |
|
| 910 | _aValidado. Control de calidad MFF | ||
| 999 |
_c43062 _d43062 |
||